Tiếng Anh thương mại Business English

محفوظ في:
التفاصيل البيبلوغرافية
المؤلف الرئيسي: Nguyễn Quốc Hùng
التنسيق: كتاب
اللغة:Undetermined
منشور في: Tp. HCM Nxb. Tp. HCM 1997
الموضوعات:
الوسوم: إضافة وسم
لا توجد وسوم, كن أول من يضع وسما على هذه التسجيلة!
Thư viện lưu trữ: Trung tâm Học liệu Trường Đại học Cần Thơ
LEADER 00720nam a2200205Ia 4500
001 CTU_30647
008 210402s9999 xx 000 0 und d
020 |b 29.000đ 
082 |a 428.24 
082 |b H513 
100 |a Nguyễn Quốc Hùng 
245 0 |a Tiếng Anh thương mại 
245 0 |b Business English 
245 0 |c Nguyễn Quốc Hùng, Christine Johnson, Jack Lonergan 
260 |a Tp. HCM 
260 |b Nxb. Tp. HCM 
260 |c 1997 
650 |a english language - spoken english - problems, exercises, etc,english language - textbooks for foreign speakers,listening - problems, exercises, etc 
904 |i Minh, 990521 
980 |a Trung tâm Học liệu Trường Đại học Cần Thơ